01001nam a22002537a 45000010005000000030006000050050017000110080041000280200018000690400029000870500008001160820013001241000016001372450059001532500028002122600048002403000044002885050008003325200316003405210029006565210020006856500022007056500020007277421FISKH20250714151752.0250714b cb ||||| |||| 00| 0 eng d a9780571241811 aFISKHbengcFISKHdFISKH aPZ7 a828.9202 aHill, Harry aHarry Hill's whopping great joke book /cBy Harry Hill aFirst published in 2008 aLondon :bFaber and Faber Limited , c2008. a401 pages : billustrations ;c18 cm .  aR  aBritain's favourite comedian, Harry Hill, loves jokes so much that he has put together a side-splitting joke book for all the family. Containing Harry's favourite jokes picked from the world's joke archive, it also features jokes written by Harry, including some brand-new ones written specially for this book. 8 a780 bLexile estimate 8 aR bRaz-Plus  aComedianvFiction aJokes vFiction